Η διδασκαλία της πρώτης ανάγνωσης και γραφής. Η περίπτωση των παρευξείνιων χωρών : το Βουλγαρικό, το Γεωργιανό, το Ρουμανικό και το Τουρκικό αλφαβητάρι

Αποθηκεύτηκε σε:
Λεπτομέρειες βιβλιογραφικής εγγραφής
Κύριος συγγραφέας: Δημάση, Μαρία Γ., 1959-
Μορφή: Βιβλίο
Γλώσσα:Greek
Δημοσίευση: [Θεσσαλονίκη] : Κυριακίδη, [2002]
Σειρά:Χριστιανοπαιδαγωγικές μελέτες και έρευνες ; ; 15
Θέματα:
Ετικέτες: Προσθήκη ετικέτας
Δεν υπάρχουν, Καταχωρήστε ετικέτα πρώτοι!

MARC

LEADER 00000nam a2200000 i 4500
001 1/53458
008 070831s2002 gre d
020 |a 960-343-622-4 
035 |l 10090291 
040 |a GR-MY-UA  |b gre  |e aacr 
041 0 |a gre 
082 0 |a 372.9  |2 (22) 
100 1 |a Δημάση, Μαρία Γ.,   |d 1959- 
245 1 2 |a Η διδασκαλία της πρώτης ανάγνωσης και γραφής. Η περίπτωση των παρευξείνιων χωρών :  |b το Βουλγαρικό, το Γεωργιανό, το Ρουμανικό και το Τουρκικό αλφαβητάρι /  |c Μαρία Δημάση 
260 |a [Θεσσαλονίκη] :   |b Κυριακίδη,   |c [2002] 
300 |a 216 σ.;  |b εικ., σχ.;  |c 20 εκ. 
490 1 |a Χριστιανοπαιδαγωγικές μελέτες και έρευνες = Studies and reaserch on Christian education  |v ; 15 
504 |a Βιβλιογραφία: σ. [167]-175 
650 0 0 |a Reading (Elementary) 
650 0 0 |a Writing. 
650 0 0 |a Education, Elementary. 
830 0 |a Χριστιανοπαιδαγωγικές μελέτες και έρευνες ;  |v ; 15 
852 |a INST  |b RHODES  |e 20070831  |h 372.9 ΔΗΜ  |p 005400026066  |q 005400026066  |t BK  |y 0 
901 |a BIBL4-2007-2 
909 |a Ρ  |b 136336 
922 |a 4ΕΛΗ  |b 200707  |c ΕΠΕΑΕΚ2/ΠΤΔΕ  |d Σ. ΠΑΤΑΚΗΣ 
970 |a ΧΑΡΙΟΠΟΛΙΤΟΥ  |b ΚΩΝΣΤΑΝΤΙΝΑ  |z 2007/08/31